| 000 | 00858nas a2200289 4500 | ||
|---|---|---|---|
| 001 | BR0808570 | ||
| 003 | BR-BrBNA | ||
| 005 | 20231205112852.0 | ||
| 007 | ta | ||
| 008 | 230509b bl.|||p| |||| 00| 00por d | ||
| 040 |
_aBR-BrBNA _bpor _cBiblioteca Nacional de Agricultura |
||
| 041 | _a(Pt) | ||
| 072 | _aE70 | ||
| 100 | 1 | _aMayorga, R.de O. | |
| 100 | 1 | _aKhan, A.S. | |
| 100 | 1 | _aMayorga, R.D. | |
| 100 | 1 | _aLima, P.V.P.S. | |
| 100 | 1 | _aMargarido, M.A. | |
| 245 | 1 | _aAnálise de transmissão de preços do mercado atacadista de melão do Brasil | |
| 650 | _aMERCADO | ||
| 650 | _aPREÇO | ||
| 650 | _aMELÃO | ||
| 650 | _aMERCADO ATACADISTA | ||
| 773 | 0 |
_tRevista de Economia e Sociologia Rural (Brazil) _xISSN 0103-2003 _g(Jul -Sep 2007), v. 45(3) p. 675-704 _wBR0808570 |
|
| 909 |
_a202311 _bLúcia _c55 _dLúcia Elande |
||
| 942 |
_2AGRIS _n0 _cANA |
||
| 999 |
_c200482 _d200482 |
||